|
|
|
|
| LEADER |
00000nam0a2200000 4500 |
| 001 |
338696 |
| 005 |
20241219095015.0 |
| 035 |
|
|
|a (RuTPU)RU\TPU\book\365200
|
| 090 |
|
|
|a 338696
|
| 100 |
|
|
|a 20171130d1980 km y0rusy50 ca
|
| 101 |
0 |
|
|a rus
|
| 102 |
|
|
|a RU
|
| 105 |
|
|
|a a z 001zy
|
| 200 |
1 |
|
|a Микропроцессорные системы
|f И. В. Прангишвили, Г. Г. Стецюра
|g Академия наук СССР (АН СССР), Институт проблем управления им. В. А. Трапезникова (ИПУ)
|
| 210 |
|
|
|a Москва
|c Наука
|d 1980
|
| 215 |
|
|
|a 237 с.
|c ил.
|
| 320 |
|
|
|a Библиогр.: с. 226-234
|
| 606 |
|
|
|a Микропроцессорная техника
|2 stltpush
|3 (RuTPU)RU\TPU\subj\43708
|9 63168
|
| 610 |
1 |
|
|a микропроцессоры
|
| 610 |
1 |
|
|a процессы
|
| 610 |
1 |
|
|a взаимодействие
|
| 610 |
1 |
|
|a связи
|
| 610 |
1 |
|
|a структура
|
| 610 |
1 |
|
|a коммутация
|
| 610 |
1 |
|
|a способы
|
| 610 |
1 |
|
|a управление
|
| 610 |
1 |
|
|a обмен
|
| 610 |
1 |
|
|a шины
|
| 610 |
1 |
|
|a обмен данными
|
| 610 |
1 |
|
|a простые абоненты
|
| 610 |
1 |
|
|a вычисления
|
| 610 |
1 |
|
|a обработка
|
| 610 |
1 |
|
|a защита
|
| 675 |
|
|
|a 681.325.5-181.48
|v 4
|
| 700 |
|
1 |
|a Прангишвили
|b И. В.
|g Ивери Варламович
|
| 701 |
|
1 |
|a Стецюра
|b Г. Г.
|g Геннадий Георгиевич
|
| 712 |
0 |
2 |
|a Академия наук СССР (АН СССР)
|b Институт проблем управления им. В. А. Трапезникова (ИПУ)
|c (Москва)
|2 stltpush
|3 (RuTPU)RU\TPU\col\6782
|
| 801 |
|
1 |
|a RU
|b 63413507
|c 20171130
|
| 801 |
|
2 |
|a RU
|b 63413507
|c 20200825
|g RCR
|
| 942 |
|
|
|c BK
|